[Event "FAI-ch 2019"]
[Site "Torshavn"]
[Date "2019.04.17"]
[Round "5.3"]
[White "Dragicevic, Drazen"]
[Black "Samuelsen, Carl Eli Nolsoe"]
[Result "1-0"]
[WhiteElo "2334"]
[BlackElo "2196"]
[Annotator "TA"]
[PlyCount "147"]
[EventDate "2019.04.12"]
[EventType "tourn"]
[EventRounds "7"]
[EventCountry "FAI"]
[SourceTitle "playchess.com"]
[Source "ChessBase"]
[SourceQuality "1"]

{[%evp 20,147,14,8,13,6,14,31,31,37,52,45,45,57,54,32,64,47,60,53,52,59,76,65,66,46,41,34,45,25,30,40,29,10,118,70,123,135,127,59,83,77,77,55,114,35,37,37,48,69,81,37,102,31,17,-62,0,0,160,8,8,8,8,8,15,0,29982,29983,29983,29984,29994,29995,29995,351,209,0,0,0,176,8,10,22,66,0,0,0,720,35,35,54,69,0,1,0,0,0,87,0,0,0,87,0,0,0,1120,1010,891,768,1000,860,853,87,813,87,29957,29953,29969,29967,29992,29983,29997,29998,29998,29984,29984,29985,29985,29986,29986,29987]} 1. c4 Nf6 2. Nc3 c5 3. e4 d6 4. g3 g6 5. Bg2 Bg7 6. Nge2 Nc6 7. O-O O-O 8. d3 Rb8 ({Predecessor:} 8... a6 9. Rb1 {½-½ (49) Schlosser,P (2520)-Wittmann,W (2400) Bad Woerishofen 1993}) 9. Rb1 a6 10. a4 Ne8 11. Be3 Nc7 {A36: Symmetrical English vs ...g6: 4 Bg2 Bg7} 12. d4 cxd4 13. Nxd4 Ne5 $146 {White is slightly better.} (13... Ne6 14. Nde2 Nc5 15. b4 Nd7 16. f4 a5 17. b5 Nb4 18. Nd5 Nc5 19. Nxb4 axb4 20. Rxb4 {0-1 (53) Eljanov,P (2711)-Amonatov,F (2636) Riadh 2017}) 14. b3 Ng4 15. Bc1 Ne6 16. Nde2 Bd7 17. h3 Ne5 18. f4 Nc6 $1 19. Be3 Nb4 20. Qd2 b5 21. axb5 axb5 22. Nxb5 Bxb5 23. Qxb4 Bc6 24. Qd2 Nc5 25. Qc2 Qa5 26. Nd4 Ba8 (26... Bxd4 $1 $11 27. Bxd4 Qa3) 27. Kh2 Bxd4 (27... Qb4 $14) 28. Bxd4 $16 Qa3 {[%cal Rc5b3]} 29. Bxc5 (29. f5 $16) 29... dxc5 30. Rfd1 Bc6 31. h4 Rb4 (31... Qa8 $14) 32. e5 (32. h5 $16) 32... Bxg2 $14 33. Kxg2 Rfb8 {[%cal Rb4b3]} 34. Rd3 e6 35. h5 Kg7 (35... Qa8+ $14 36. Kh3 Kg7) 36. Kh3 (36. Kh2 $16) 36... Qa8 $1 37. Rd7 ({Better is} 37. Re3 $11) 37... Qf3 (37... Rxb3 $1 $15 38. Rxb3 (38. h6+ $2 Kxh6 39. Rxb3 Rxb3 $19) 38... Rxb3) 38. Qd1 $36 {[%mdl 2048] White has good play.} Qe3 $2 (38... Qe4 $11) 39. h6+ $2 ({White must play} 39. Qg4 $16 {Intending Qh4 and mate.} R4b7 40. Rxb7 Rxb7 41. Qg5) 39... Kxh6 40. Rxf7 {Qg4 would kill now.} R8b7 41. Rxb7 Rxb7 {[%mdl 4096] Endgame KQR-KQR} 42. Qg4 {Black must now prevent Qh4+.} Rxb3 $2 {[%mdl 8192]} (42... Kg7 $11) 43. Qg5+ Kg7 44. Qf6+ Kh6 45. Rxb3 Qxb3 {KQ-KQ} 46. Kh4 $2 (46. Qf8+ {mates} Kh5 47. Qg7 h6 48. Qe7 $1 {[%mdl 576] Double Attack} Qxg3+ 49. Kxg3 g5 50. Qf7#) 46... Qb7 $18 47. Qg5+ $2 (47. Qxe6 Qg2 $11) (47. Kg4 $1 $18) 47... Kg7 $11 48. Qf6+ $2 (48. g4 $11 Qh1+ 49. Kg3 Qe1+ 50. Kh3 Qf1+ 51. Kh4 Qh1+ 52. Kg3 Qe1+ 53. Kh3 Qh1+ 54. Kg3) 48... Kh6 $18 {( -> ...Qh1+)} 49. Qf8+ $2 (49. Qxe6 Qg2 $11) (49. Kg4 $1 $18) 49... Qg7 $11 50. Qxc5 g5+ 51. Kh3 (51. Kg4 $14) 51... g4+ 52. Kh2 Kg6 $2 {[%mdl 8192] [#]} (52... Qf7 $11) 53. Qd6 $2 (53. Qc8 $1 $18 {[%cal Rc8e6]} Kf5 54. Qb8) 53... Qf7 $14 54. Qd3+ Kg7 $1 55. Qd8 ({White should play} 55. Qd1 $1 $14 Qg6 56. c5) 55... h6 $11 56. c5 Qf5 57. Qd7+ Kf8 (57... Kg6 $11) 58. Qd6+ (58. Qd1 $16 {Threatens to win with c6.} Kf7 59. c6) 58... Kf7 59. Qd7+ (59. c6 $11 Qc2+ 60. Kh1 (60. Kg1 Qc3 $11)) 59... Kf8 $16 60. Qd8+ ({White should try} 60. Qd1 $16 {Hoping for c6.} Kf7 61. c6) 60... Kf7 61. Qd1 Qe4 $2 {[%mdl 8192]} (61... Kg6 $11) 62. Qxg4 $18 ({Less strong is} 62. Qd7+ Kf8 $18) 62... Qc2+ {[#]} 63. Kh3 $1 Qxc5 64. Qh5+ Kg7 65. Qd1 $2 (65. Qe8 $18) 65... Qc6 $2 {[%mdl 8192]} (65... Qe7 $16 66. Qg4+ Kh7) 66. Qd6 $2 (66. Qd8 $18 {is the precise move to win.} Qb7 67. Qf6+ {[%mdl 64] Double Attack} Kh7 68. Qxe6) 66... Qf3 $2 {[%mdl 8192]} (66... Qe8 $16) 67. Kh4 {White mates.} Qh1+ 68. Kg4 h5+ 69. Kg5 Qh3 70. Qe7+ Kg8 71. Qe8+ Kg7 72. Qg6+ Kf8 73. Kf6 {[%csl Gf6][%cal Rg6f7]} Qh4+ 74. Qg5 {Accuracy: White = 41%, Black = 39%.} 1-0

[Event "FAI-ch 2019"]
[Site "Torshavn"]
[Date "2019.04.17"]
[Round "5.4"]
[White "Thorsteinsson, Sjurdur"]
[Black "Simonsen, Hans Kristian"]
[Result "0-1"]
[WhiteElo "2228"]
[BlackElo "2147"]
[Annotator "TA"]
[PlyCount "92"]
[EventDate "2019.04.12"]
[EventType "tourn"]
[EventRounds "7"]
[EventCountry "FAI"]
[SourceTitle "playchess.com"]
[Source "ChessBase"]
[SourceQuality "1"]

{[%evp 9,92,-3,0,-4,5,0,0,0,15,24,25,0,17,0,13,8,18,16,25,26,22,12,27,29,34,6,21,0,6,0,0,-13,-6,-21,-26,-30,-11,-17,-21,-43,-16,-70,-70,-75,-69,-58,0,-56,-50,-54,-41,-55,-20,-88,-83,-102,-101,-106,-108,-123,-123,-123,-93,-88,-93,-105,-85,-119,-106,-158,-111,-203,-196,-201,-205,-203,-207,-602,-595,-668,-667,-2037,-2080,-1705,-1519]} 1. e4 e5 2. Bc4 Nf6 3. d3 Nc6 4. Nc3 Na5 5. Qf3 Nxc4 (5... d6 {with more complications.} 6. Nge2 Bg4 7. Qe3 Nxc4 8. dxc4 Be7) 6. dxc4 {C28: Vienna Game: 2...Nf6 3 Bc4 Nc6} d6 (6... Bb4 7. Nge2 d6 8. h3 Be6 9. b3 Nd7 10. O-O Bxc3 11. Nxc3 O-O 12. Qg3 f5 13. Bg5 {½-½ (33) Caruana,F (2822)-Aronian,L (2767) chess.com INT 2018}) 7. h3 Be6 8. b3 {The position is equal.} Be7 9. Nge2 O-O 10. O-O c6 11. Rd1 Qc7 12. a4 Rad8 13. Ng3 Rd7 14. Rd3 Rfd8 15. Ba3 {[#]} g6 $146 ({Predecessor:} 15... b6 16. Rad1 a6 17. R1d2 {½-½ (17) Predojevic,B (2650)-Chadaev,N (2568) Budva 2009}) 16. Rad1 Ne8 17. Qe3 b6 18. Qd2 Bf8 19. Nd5 Qb7 20. Ne3 h5 21. Nef5 f6 22. Nh4 Kh7 23. Qe2 Bf7 24. Nf1 Ng7 25. Bc1 (25. g4 $11) 25... d5 $15 26. cxd5 cxd5 27. exd5 Rxd5 (27... Bxd5 $15 28. Ng3 Bc6) 28. Ne3 (28. Qf3 $11 Qc6 29. Bb2) 28... Rxd3 29. Rxd3 Rxd3 30. Qxd3 Ne6 31. Nc4 (31. Nd5 $11 Nc5 32. Nxf6+ Kg7 33. Qd8) 31... Nc5 $17 32. Qd8 Be7 $36 {[%mdl 2048] Black is in control.} 33. Qd2 {[#] Hoping for Qh6+.} Qe4 $1 {[%cal Re4h4][%mdl 64] Double Attack} 34. Nf3 Bxc4 35. bxc4 Bf8 36. a5 Qxc4 37. axb6 axb6 38. Ba3 Bg7 39. Bc1 (39. Bxc5 $142 Qxc5 40. Qe2) 39... Ne6 40. Ba3 (40. Qd6 $17) 40... e4 $19 41. Ne1 f5 42. g3 Nd4 43. Be7 $2 {[#]} (43. Bd6) 43... f4 $1 {[%mdl 512] Black is clearly winning.} 44. gxf4 (44. Qxf4 Ne2+) 44... Qe6 $1 {[%csl LRe7,LRh3]} 45. c3 Nf3+ 46. Nxf3 exf3 {Accuracy: White = 29%, Black = 62%.} 0-1

[Event "FAI-ch 2019"]
[Site "Torshavn"]
[Date "2019.04.18"]
[Round "6.1"]
[White "Ziska, Helgi Dam"]
[Black "Simonsen, Hans Kristian"]
[Result "1-0"]
[WhiteElo "2540"]
[BlackElo "2147"]
[Annotator "ChessBase"]
[PlyCount "59"]
[EventDate "2019.04.12"]
[EventType "tourn"]
[EventRounds "7"]
[EventCountry "FAI"]
[SourceTitle "playchess.com"]
[Source "ChessBase"]
[SourceQuality "1"]
[TimeControl "40/5400+30:900+30"]

1. e4 {[%emt 0:00:00]} c6 {[%emt 0:00:00]} 2. d4 {[%emt 0:01:39]} d5 {[%emt 0:00:00]} 3. Nc3 {[%emt 0:00:38]} dxe4 {[%emt 0:00:00]} 4. Nxe4 {[%emt 0:00:05]} Bf5 {[%emt 0:00:03]} 5. Ng3 {[%emt 0:01:05]} Bg6 {[%emt 0:00:07]} 6. h4 {[%emt 0:01:06]} h6 {[%emt 0:00:05]} 7. Nf3 {[%emt 0:00:09]} Nd7 {[%emt 0:00:11]} 8. h5 {[%emt 0:00:07]} Bh7 {[%emt 0:00:23]} 9. Bd3 {[%emt 0:00:20]} Bxd3 {[%emt 0:00:16]} 10. Qxd3 {[%emt 0:00:04]} e6 {[%emt 0:00:11]} 11. Bd2 {[%emt 0:01:01]} Ngf6 {[%emt 0:00:07]} 12. O-O-O {[%emt 0:00:23]} Be7 {[%emt 0:00:12]} 13. Qe2 {[%emt 0:03:16]} Qb6 {[%emt 0:00:44]} 14. Rhe1 {[%emt 0:21:49]} O-O {[%emt 0:02:06]} 15. Ne5 {[%emt 0:00:55]} Rad8 {[%emt 0:02:11]} 16. Ng6 {[%emt 0:14:19]} fxg6 {[%emt 0:03:25]} 17. Qxe6+ {[%emt 0:00:04]} Kh8 {[%emt 0:00:19]} 18. Qxe7 {[%emt 0:00:23]} Nxh5 {[%emt 0:00:32]} 19. Nxh5 {[%emt 0:01:07]} gxh5 {[%emt 0:00:07]} 20. Bxh6 {[%emt 0:02:07]} Rg8 {[%emt 0:03:12]} 21. Bg5 {[%emt 0:08:26]} Qa5 {[%emt 0:03:57]} 22. Rh1 {[%emt 0:03:43]} Rge8 {[%emt 0:00:50]} 23. Qf7 {[%emt 0:02:41]} Qxg5+ {[%emt 0:00:09]} 24. f4 {[%emt 0:00:05]} Qg4 {[%emt 0:04:02]} 25. Rxh5+ {[%emt 0:00:45]} Qxh5 {[%emt 0:00:06]} 26. Qxh5+ {[%emt 0:00:08]} Kg8 {[%emt 0:00:10]} 27. Qa5 {[%emt 0:00:37]} Nf6 {[%emt 0:00:38]} 28. Qxa7 {[%emt 0:00:30]} Ra8 {[%emt 0:00:29]} 29. Qxb7 {[%emt 0:00:14]} Rxa2 {[%emt 0:03:19]} 30. Qb3+ {[%emt 0:00:09]} 1-0

[Event "FAI-ch 2019"]
[Site "Torshavn"]
[Date "2019.04.18"]
[Round "6.3"]
[White "Miezis, Normunds"]
[Black "Dragicevic, Drazen"]
[Result "0-1"]
[WhiteElo "2468"]
[BlackElo "2334"]
[Annotator "ChessBase"]
[PlyCount "136"]
[EventDate "2019.04.12"]
[EventType "tourn"]
[EventRounds "7"]
[EventCountry "FAI"]
[SourceTitle "playchess.com"]
[Source "ChessBase"]
[SourceQuality "1"]
[TimeControl "40/5400+30:900+30"]

1. c4 {[%emt 0:00:00]} e6 {[%emt 0:00:00]} 2. e4 {[%emt 0:00:50]} c5 {[%emt 0:00:43]} 3. Nc3 {[%emt 0:00:36]} Nc6 {[%emt 0:00:14]} 4. Nf3 {[%emt 0:01:15]} Nge7 {[%emt 0:04:21]} 5. d4 {[%emt 0:05:40]} Nxd4 {[%emt 0:02:13]} 6. Nxd4 {[%emt 0:00:29]} cxd4 {[%emt 0:00:23]} 7. Qxd4 {[%emt 0:00:11]} Nc6 {[%emt 0:00:30]} 8. Qd2 {[%emt 0:02:55]} Bc5 {[%emt 0:04:02]} 9. Be2 {[%emt 0:03:08]} O-O {[%emt 0:04:39]} 10. O-O {[%emt 0:00:11]} a6 {[%emt 0:01:03]} 11. b3 {[%emt 0:08:28]} d6 {[%emt 0:07:03]} 12. Bb2 {[%emt 0:03:09]} e5 {[%emt 0:03:05]} 13. Kh1 {[%emt 0:02:28]} Nd4 {[%emt 0:05:22]} 14. Bd3 {[%emt 0:02:13]} Qa5 {[%emt 0:07:00]} 15. f4 {[%emt 0:02:53]} b5 {[%emt 0:08:07]} 16. Qd1 {[%emt 0:12:45]} Bb7 {[%emt 0:07:22]} 17. Nd5 {[%emt 0:13:06]} Bxd5 {[%emt 0:09:32]} 18. exd5 {[%emt 0:02:19]} bxc4 {[%emt 0:01:21]} 19. Bxc4 {[%emt 0:02:23]} Nf5 {[%emt 0:11:49]} 20. Qd3 {[%emt 0:09:13]} Ne3 {[%emt 0:05:22]} 21. Bc3 {[%emt 0:02:00]} Qd8 {[%emt 0:05:53]} 22. Rf3 {[%emt 0:02:36]} exf4 {[%emt 0:00:30]} 23. Rxf4 {[%emt 0:01:45]} Qg5 {[%emt 0:00:48]} 24. g3 {[%emt 0:00:52]} Rae8 {[%emt 0:01:36]} 25. b4 {[%emt 0:11:42]} Bb6 {[%emt 0:01:51]} 26. Bd2 {[%emt 0:00:33]} Qh5 {[%emt 0:01:55]} 27. Bxe3 {[%emt 0:03:13]} Rxe3 {[%emt 0:00:46]} 28. Qf5 {[%emt 0:00:46]} g5 {[%emt 0:03:01]} 29. Re4 {[%emt 0:03:10]} Rxg3 {[%emt 0:01:06]} 30. Be2 {[%emt 0:01:07]} Qh6 {[%emt 0:00:39]} 31. Bg4 {[%emt 0:01:38]} Re3 {[%emt 0:02:00]} 32. Rf1 {[%emt 0:00:53]} Qg6 {[%emt 0:00:53]} 33. Re1 {[%emt 0:01:21]} Qxf5 {[%emt 0:00:28]} 34. Bxf5 {[%emt 0:00:05]} Rxe1+ {[%emt 0:00:38]} 35. Rxe1 {[%emt 0:00:04]} a5 {[%emt 0:00:33]} 36. b5 {[%emt 0:01:26]} a4 {[%emt 0:00:23]} 37. a3 {[%emt 0:00:19]} Bc5 {[%emt 0:00:18]} 38. Re4 {[%emt 0:00:36]} Ra8 {[%emt 0:00:12]} 39. Bd7 {[%emt 0:00:29]} Bxa3 {[%emt 0:00:35]} 40. Bc6 {[%emt 0:00:00]} Rb8 {[%emt 0:00:00]} 41. Rxa4 {[%emt 0:01:13]} Bc5 {[%emt 0:03:20]} 42. h4 {[%emt 0:00:24]} h6 {[%emt 0:00:29]} 43. Kg2 {[%emt 0:01:05]} Kg7 {[%emt 0:00:08]} 44. Re4 {[%emt 0:01:14]} Kf6 {[%emt 0:02:42]} 45. Kf3 {[%emt 0:00:47]} Rc8 {[%emt 0:05:22]} 46. Kg4 {[%emt 0:02:06]} h5+ {[%emt 0:03:33]} 47. Kg3 {[%emt 0:02:26]} g4 {[%emt 0:00:01]} 48. Rf4+ {[%emt 0:01:56]} Kg6 {[%emt 0:00:11]} 49. Ra4 {[%emt 0:00:36]} Rc7 {[%emt 0:00:45]} 50. Ra6 {[%emt 0:00:23]} Ra7 {[%emt 0:01:05]} 51. Kf4 {[%emt 0:01:05]} Kf6 {[%emt 0:00:56]} 52. Ba8 {[%emt 0:02:34]} Ke7 {[%emt 0:01:33]} 53. Bc6 {[%emt 0:01:04]} f5 {[%emt 0:01:02]} 54. Rxa7+ {[%emt 0:02:40]} Bxa7 {[%emt 0:00:02]} 55. Bb7 {[%emt 0:01:10]} Bd4 {[%emt 0:01:36]} 56. Bc8 {[%emt 0:00:32]} Be5+ {[%emt 0:00:08]} 57. Ke3 {[%emt 0:00:24]} f4+ {[%emt 0:00:05]} 58. Ke4 {[%emt 0:00:17]} f3 {[%emt 0:01:09]} 59. b6 {[%emt 0:00:46]} Kd8 {[%emt 0:00:12]} 60. Ba6 {[%emt 0:00:47]} Bf6 {[%emt 0:00:40]} 61. Bd3 {[%emt 0:00:58]} Bxh4 {[%emt 0:00:23]} 62. Ke3 {[%emt 0:00:11]} Bg5+ {[%emt 0:00:17]} 63. Kf2 {[%emt 0:00:04]} Bh4+ {[%emt 0:00:13]} 64. Ke3 {[%emt 0:00:24]} Bg5+ {[%emt 0:00:21]} 65. Kf2 {[%emt 0:00:02]} Bf6 {[%emt 0:00:06]} 66. Ke3 {[%emt 0:02:17]} Be5 {[%emt 0:01:51]} 67. Bg6 {[%emt 0:01:00]} h4 {[%emt 0:00:08]} 68. Bf5 {[%emt 0:00:45]} Bd4+ {[%emt 0:00:47]} 0-1

[Event "FAI-ch 2019"]
[Site "Torshavn"]
[Date "2019.04.18"]
[Round "6.4"]
[White "Hoi, Carsten"]
[Black "Berg, Olaf"]
[Result "0-1"]
[WhiteElo "2354"]
[BlackElo "2212"]
[Annotator "NA"]
[PlyCount "70"]
[EventDate "2019.04.12"]
[EventType "tourn"]
[EventRounds "7"]
[EventCountry "FAI"]
[SourceTitle "playchess.com"]
[Source "ChessBase"]
[SourceQuality "1"]
[TimeControl "40/5400+30:900+30"]

1. Nf3 {[%emt 0:00:00]} Nf6 {[%emt 0:00:00]} 2. c4 {[%emt 0:00:26]} b6 {[%emt 0:00:24]} 3. d4 {[%emt 0:00:30]} e6 {[%emt 0:00:39]} 4. a3 {[%emt 0:01:52]} Bb7 {[%emt 0:00:24]} 5. Nc3 {[%emt 0:00:32]} d5 {[%emt 0:02:45]} 6. Bg5 {[%emt 0:01:18]} Nbd7 {[%emt 0:02:14]} 7. e3 {[%emt 0:03:28]} Be7 {[%emt 0:00:47]} 8. Bd3 {[%emt 0:07:15]} a6 {[%emt 0:06:59]} 9. cxd5 {[%emt 0:05:33]} exd5 {[%emt 0:00:43]} 10. Qc2 {[%emt 0:05:03]} c5 {[%emt 0:10:19]} 11. O-O {[%emt 0:02:07]} O-O {[%emt 0:01:59]} 12. Rad1 {[%emt 0:10:22]} Re8 {[%emt 0:10:02]} 13. Ne5 {[%emt 0:07:51]} Nf8 {[%emt 0:06:37]} 14. f4 {[%emt 0:03:59]} Rc8 {[%emt 0:16:13]} 15. Qe2 {[%emt 0:19:00]} cxd4 {[%emt 0:03:34]} 16. exd4 {[%emt 0:00:26]} b5 {[%emt 0:03:03]} 17. Bxf6 {[%emt 0:01:57]} Bxf6 {[%emt 0:00:57]} 18. Kh1 {[%emt 0:03:19]} Rc7 {[%emt 0:05:15]} 19. Bb1 {[%emt 0:04:41]} Rce7 {[%emt 0:01:00]} 20. Qf3 {[%emt 0:00:45]} Re6 {[%emt 0:05:44]} 21. Qh3 {[%emt 0:03:32]} Rd6 {[%emt 0:01:38]} 22. Qd3 {[%emt 0:03:24]} g6 {[%emt 0:01:27]} 23. Qf3 {[%emt 0:02:12]} Qc7 {[%emt 0:06:13]} 24. Rde1 {[%emt 0:01:31]} Qb6 {[%emt 0:01:06]} 25. Qd3 {[%emt 0:03:01]} Bc8 {[%emt 0:04:20]} 26. Qd2 {[%emt 0:01:07]} Ne6 {[%emt 0:01:56]} 27. Ne2 {[%emt 0:02:17]} Bg7 {[%emt 0:02:36]} 28. f5 {[%emt 0:04:15]} Nxd4 {[%emt 0:00:06]} 29. fxg6 {[%emt 0:00:18]} hxg6 {[%emt 0:00:21]} 30. Nxf7 {[%emt 0:01:45]} Rde6 {[%emt 0:00:09]} 31. Ng5 {[%emt 0:00:57]} Rxe2 {[%emt 0:00:19]} 32. Rxe2 {[%emt 0:00:04]} Rxe2 {[%emt 0:00:25]} 33. Qf4 {[%emt 0:00:23]} Qf6 {[%emt 0:01:27]} 34. Qc1 {[%emt 0:00:26]} Bf5 {[%emt 0:01:30]} 35. Qf4 {[%emt 0:01:16]} Bxb1 {[%emt 0:01:56]} 0-1

[Event "FAI-ch 2019"]
[Site "Torshavn"]
[Date "2019.04.19"]
[Round "7.1"]
[White "Berg, Olaf"]
[Black "Ziska, Helgi Dam"]
[Result "0-1"]
[WhiteElo "2212"]
[BlackElo "2540"]
[Annotator "ChessBase"]
[PlyCount "70"]
[EventDate "2019.04.12"]
[EventType "tourn"]
[EventRounds "7"]
[EventCountry "FAI"]
[SourceTitle "playchess.com"]
[Source "ChessBase"]
[SourceQuality "1"]
[TimeControl "40/5400+30:900+30"]

1. Nf3 {[%emt 0:00:00]} Nf6 {[%emt 0:00:00]} 2. b3 {[%emt 0:00:00]} g6 {[%emt 0:02:05]} 3. Bb2 {[%emt 0:00:00]} Bg7 {[%emt 0:01:18]} 4. g3 {[%emt 0:01:45]} O-O {[%emt 0:02:17]} 5. Bg2 {[%emt 0:00:15]} d6 {[%emt 0:01:32]} 6. O-O {[%emt 0:01:55]} e5 {[%emt 0:01:55]} 7. e3 {[%emt 0:00:35]} Re8 {[%emt 0:04:55]} 8. d3 {[%emt 0:04:15]} Nc6 {[%emt 0:07:34]} 9. Nbd2 {[%emt 0:01:28]} a5 {[%emt 0:03:45]} 10. a3 {[%emt 0:01:33]} d5 {[%emt 0:02:07]} 11. e4 {[%emt 0:02:54]} h6 {[%emt 0:08:43]} 12. Re1 {[%emt 0:04:48]} d4 {[%emt 0:01:05]} 13. Qb1 Be6 14. c3 dxc3 15. Bxc3 Nd7 16. b4 axb4 17. axb4 b5 18. Qc2 Rxa1 19. Rxa1 Nb6 20. Bf1 Qd6 21. Ra6 Bc8 22. Ra1 Be6 23. Be2 Rc8 24. Rb1 Ra8 25. Nb3 Na4 26. Na5 Nxa5 27. bxa5 Qc5 28. Rc1 Qxc3 29. Qxc3 Nxc3 30. Rxc3 Rxa5 31. Kg2 Ra2 32. Bd1 Ra1 33. Bc2 b4 34. Rc6 b3 35. Rxe6 bxc2 0-1

[Event "FAI-ch 2019"]
[Site "Torshavn"]
[Date "2019.04.19"]
[Round "7.2"]
[White "Dragicevic, Drazen"]
[Black "Hoi, Carsten"]
[Result "1-0"]
[WhiteElo "2334"]
[BlackElo "2354"]
[Annotator "NA"]
[PlyCount "73"]
[EventDate "2019.04.12"]
[EventType "tourn"]
[EventRounds "7"]
[EventCountry "FAI"]
[SourceTitle "playchess.com"]
[Source "ChessBase"]
[SourceQuality "1"]
[TimeControl "40/5400+30:900+30"]

1. c4 {[%emt 0:00:00]} g6 {[%emt 0:00:43]} 2. g3 {[%emt 0:00:11]} Bg7 {[%emt 0:00:21]} 3. Bg2 {[%emt 0:00:15]} Nc6 {[%emt 0:02:06]} 4. Nc3 {[%emt 0:00:51]} d6 {[%emt 0:00:31]} 5. d3 {[%emt 0:01:48]} e5 {[%emt 0:01:59]} 6. e4 {[%emt 0:02:12]} f5 {[%emt 0:05:39]} 7. Nge2 {[%emt 0:03:51]} Nf6 {[%emt 0:00:21]} 8. O-O {[%emt 0:01:48]} O-O {[%emt 0:00:19]} 9. Nd5 {[%emt 0:07:59]} fxe4 {[%emt 0:14:45]} 10. dxe4 {[%emt 0:00:41]} Bg4 {[%emt 0:02:03]} 11. f3 {[%emt 0:01:03]} Be6 {[%emt 0:00:32]} 12. Be3 {[%emt 0:01:32]} h6 {[%emt 0:05:19]} 13. Rc1 Kh7 14. Qd2 Ne7 15. Rfd1 Nexd5 16. cxd5 Bd7 17. Qb4 b6 18. Qc4 Ne8 19. Rd3 h5 20. Bf2 Bh6 21. Rc2 Rf7 22. Ra3 a5 23. Nc3 h4 24. Nb5 hxg3 25. hxg3 Qg5 26. Qf1 Bc8 27. Rac3 Ba6 28. Bh3 Ra7 29. a4 Nf6 30. Be6 Rg7 31. Be1 Nh5 32. Qg2 Bxb5 33. axb5 Qd8 34. Qh1 a4 35. g4 a3 36. bxa3 Qg5 37. Kf1 1-0

[Event "FAI-ch 2019"]
[Site "Torshavn"]
[Date "2019.04.19"]
[Round "7.3"]
[White "Thorsteinsson, Sjurdur"]
[Black "Miezis, Normunds"]
[Result "0-1"]
[WhiteElo "2228"]
[BlackElo "2468"]
[Annotator "ChessBase"]
[PlyCount "58"]
[EventDate "2019.04.12"]
[EventType "tourn"]
[EventRounds "7"]
[EventCountry "FAI"]
[SourceTitle "playchess.com"]
[Source "ChessBase"]
[SourceQuality "1"]
[TimeControl "40/5400+30:900+30"]

1. d4 {[%emt 0:00:00]} Nf6 {[%emt 0:00:00]} 2. c4 {[%emt 0:00:00]} e6 {[%emt 0:00:28]} 3. Nc3 {[%emt 0:00:00]} Bb4 {[%emt 0:00:25]} 4. Qc2 {[%emt 0:00:16]} c5 {[%emt 0:02:17]} 5. dxc5 {[%emt 0:00:13]} Nc6 {[%emt 0:01:04]} 6. Nf3 {[%emt 0:01:32]} Bxc5 {[%emt 0:01:32]} 7. Bf4 {[%emt 0:02:23]} e5 {[%emt 0:04:39]} 8. Bg3 {[%emt 0:21:05]} Nd4 {[%emt 0:14:22]} 9. Nxd4 {[%emt 0:09:28]} exd4 10. Ne4 Bb4+ 11. Nd2 Qa5 12. a3 d5 13. Rc1 Be7 14. Qd3 dxc4 15. Rxc4 Be6 16. Rc1 O-O 17. e4 dxe3 18. fxe3 Rac8 19. Rxc8 Rxc8 20. b4 Rc1+ 21. Kf2 Ng4+ 22. Kg1 Qd5 23. Qxd5 Bxd5 24. Bf4 g5 25. Bb8 a5 26. h3 Nxe3 27. bxa5 Nxf1 28. Nxf1 Bc5+ 29. Kh2 Rc2 0-1

[Event "FAI-ch 2019"]
[Site "Torshavn"]
[Date "2019.04.19"]
[Round "7.4"]
[White "Simonsen, Hans Kristian"]
[Black "Samuelsen, Carl Eli Nolsoe"]
[Result "1/2-1/2"]
[WhiteElo "2147"]
[BlackElo "2196"]
[Annotator "NA"]
[PlyCount "22"]
[EventDate "2019.04.12"]
[EventType "tourn"]
[EventRounds "7"]
[EventCountry "FAI"]
[SourceTitle "playchess.com"]
[Source "ChessBase"]
[SourceQuality "1"]
[TimeControl "40/5400+30:900+30"]

1. d4 {[%emt 0:00:00]} Nf6 {[%emt 0:00:00]} 2. Bf4 {[%emt 0:00:00]} d6 {[%emt 0:00:30]} 3. Nc3 {[%emt 0:00:00]} g6 {[%emt 0:00:28]} 4. e4 {[%emt 0:00:03]} Bg7 {[%emt 0:00:50]} 5. Qd2 {[%emt 0:00:07]} Nbd7 {[%emt 0:01:40]} 6. O-O-O {[%emt 0:00:11]} O-O {[%emt 0:05:47]} 7. Nf3 {[%emt 0:04:12]} c5 {[%emt 0:02:08]} 8. Bh6 {[%emt 0:01:27]} Qa5 {[%emt 0:13:50]} 9. Bxg7 {[%emt 0:02:42]} Kxg7 {[%emt 0:00:09]} 10. h4 {[%emt 0:03:19]} cxd4 {[%emt 0:02:23]} 11. Nxd4 {[%emt 0:01:04]} h5 {[%emt 0:06:00]} 1/2-1/2